| 000 | 00551nam a2200217 a 4500 | ||
|---|---|---|---|
| 999 |
_c8652 _d8652 |
||
| 001 | 8652 | ||
| 003 | BD-JhCC | ||
| 005 | 20211004134020.0 | ||
| 008 | 180228b 2004i a|||| ||a| 000 0 eng d | ||
| 035 | _a(BD-JhCC) 8652 | ||
| 040 |
_aBD-JhCC _dBD-JhCC |
||
| 041 | _aeng | ||
| 082 |
_a128 _bYAH 2004 |
||
| 100 | _aYahya, Harun | ||
| 245 |
_aThe little man in the tower / _cHarunYahya |
||
| 260 |
_aIndia : _bM. Wajihuddin / Millat book centre _c2004 |
||
| 300 |
_a96 p .: _c22 cm . |
||
| 650 | _aHuman beings | ||
| 942 |
_2ddc _cBK _03 |
||